| 000 | 00457nam a22001937a 4500 | ||
|---|---|---|---|
| 003 | OSt | ||
| 005 | 20140310183126.0 | ||
| 008 | 130529t xxu||||| |||| 00| 0 eng d | ||
| 050 |
_aQ 158.5 _b.C454 2000 |
||
| 082 |
_aFIL 500.2 _bC36 2000 |
||
| 245 |
_aPhysical Science _cChanco, Tyrone R. |
||
| 260 | _cc2000 | ||
| 300 | _a208 p. | ||
| 521 | _acollege students | ||
| 526 | _c1210L-1700L | ||
| 541 | _j1 | ||
| 562 | _e1 | ||
| 942 |
_2lcc _cBK _mFIL |
||
| 999 |
_c19037 _d19037 |
||